logo

Bir Sreshtho Munshi Abdur Rouf Library
Jhenaidah Cadet College

স্থানীয় ইতিহাস চর্চা বিষয় ও উপকরন / (Record no. 10427)

MARC details
000 -LEADER
fixed length control field 00755nam a22002177a 4500
001 - CONTROL NUMBER
JCCL Control Number 10427
003 - CONTROL NUMBER IDENTIFIER
JCCL marc code BD-JhCC
005 - DATE AND TIME OF LATEST TRANSACTION
control field 20180519105251.0
008 - FIXED-LENGTH DATA ELEMENTS--GENERAL INFORMATION
fixed length control field 180426b2017 bg ||||| |||| 00| 0 eng d
035 ## - SYSTEM CONTROL NUMBER
system control number (BD-JhCC)10427
040 ## - CATALOGING SOURCE
Original cataloging agency BD-JhCC
Modifying agency BD-JhCC
041 ## - LANGUAGE CODE
Language code of Book eng
082 ## - DEWEY DECIMAL CLASSIFICATION NUMBER
Author mark and Year ISL 2017
Classification number 907.5492
100 ## - MAIN ENTRY--PERSONAL NAME
Personal name ইসলাম, মোহাম্মদ রফিকুল
245 ## - TITLE STATEMENT
Title স্থানীয় ইতিহাস চর্চা বিষয় ও উপকরন /
Statement of responsibility, etc মোহাম্মদ রফিকুল ইসলাম
260 ## - PUBLICATION, DISTRIBUTION, ETC. (IMPRINT)
Place of publication, distribution, etc ঢাকা :
Name of publisher, distributor, etc শিরীন পাবলিকেশন্স,
Date of publication, distribution, etc 2017.
300 ## - PHYSICAL DESCRIPTION
Pagination 525 p. :
Dimensions 24 cm.
650 ## - SUBJECT ADDED ENTRY--TOPICAL TERM
Topical term or geographic name as entry element History Of Bangaladesh
942 ## - ADDED ENTRY ELEMENTS (KOHA)
Source of classification or shelving scheme Dewey Decimal Classification
Koha item type Books
Holdings
Source of classification or shelving scheme Damaged status Not for loan Home library Current library Shelving location Cost, normal purchase price Total Checkouts Full call number Barcode Date last seen Copy number Koha item type
Dewey Decimal Classification     JCC Rouf Library JCC Rouf Library General Stacks 500.00   907.5492 ISL 2017 13847 04/26/2018 C-1 Books
Dewey Decimal Classification     JCC Rouf Library JCC Rouf Library General Stacks 500.00   907.5492 ISL 2017 13848 04/26/2018 C-2 Books

JCC Library | Contacts | JCC Home

Last Update on 23 September 2017
Copyright @ 2017-2020 JCC Rouf Library
Rouf Library, Jhenidah Cadet College (JCC), Bangladesh